El pensamiento de la India.
Gespeichert in:
| 1. Verfasser: | |
|---|---|
| Format: | Buch |
| Veröffentlicht: |
México, D.F., México:
Fondo de Cultura Económica,
1952.
|
| Ausgabe: | Primera edición en español. |
| Schriftenreihe: | Breviarios.
|
| Schlagworte: | |
| Tags: |
Tag hinzufügen
Keine Tags, Fügen Sie den ersten Tag hinzu!
|
MARC
| LEADER | 00000nam a22000007a 4500 | ||
|---|---|---|---|
| 003 | CL-VaPUC | ||
| 005 | 20230717110836.0 | ||
| 008 | 220708t1952 ||||| |||| 00| 0 eng d | ||
| 999 | |c 436842 |d 436840 | ||
| 040 | |c Pontificia Universidad Católica de Valparaíso | ||
| 082 | 7 | |a 181.4 SCH 1952 |2 22 | |
| 100 | 0 | |a Schweitzer, Albert |e autor |9 346904 | |
| 245 | 1 | 3 | |a El pensamiento de la India. |
| 250 | |a Primera edición en español. | ||
| 260 | |a México, D.F., México: |b Fondo de Cultura Económica, |c 1952. | ||
| 300 | |a 231 páginas. | ||
| 490 | |a Breviarios. | ||
| 500 | |a c.1. Donación Familia Prof. Alejandro Guzmán Brito. | ||
| 583 | |a last modification |c 20141113 14:00:00 |k Cristina María Rojas Aguilar | ||
| 650 | 0 | |a Filosofía hindú |9 431231 | |
| 651 | |a India |x Religión |9 872576 | ||
| 942 | |c BK |2 ddc |n 0 | ||
| 952 | |0 0 |1 0 |2 ddc |4 0 |6 181_400000000000000_SCH_1952 |7 0 |8 C_AGB |9 584569 |a BIBDER |b BIBDER |d 2022-07-08 |e Donación |i 5652701 |o 181.4 SCH 1952 |p 5652701 |r 2023-01-25 |t 1 |w 2022-07-08 |y BK_US |k AGB | ||